Films en images - B - Statistiques

Statistiques générales
  • Ce quiz a été pris 731 fois
  • Le résultat moyen est 11 sur 16
Statistiques - réponses
Par images Réponse % Correct
Barbie
99%
Brice de Nice
97%
La Belle et la Bête
95%
Babysitting
87%
Les Bronzés font du ski
87%
Bienvenue chez les Ch'tis
85%
Bohemian Rhapsody
79%
La Boum
77%
BAC NORD
68%
Bad Boys
68%
Boîte noire
60%
Barbecue
56%
Billy Elliot
54%
Bienvenue à bord
26%
Big Fish
15%
Babel
9%
Aucun quiz correspondant
Distribution des résultats
% des personnes avec chaque résultat
Percentile par nombre de réponses
Votre historique - résultats
Vous n’avez pas pris ce quiz